| 000 | 00999nac a22002657a 4500 | ||
|---|---|---|---|
| 001 | BR8002893 | ||
| 003 | BR-BrBNA | ||
| 005 | 20240105114702.0 | ||
| 008 | 230509b bl.|||m| |||| 00| 0 por d | ||
| 040 |
_aBR-BrBNA _bpor _cBiblioteca Nacional de Agricultura |
||
| 072 | _aF00 | ||
| 090 | _a0470 BR8002893 | ||
| 110 | 1 |
_aEmpresa Brasileira de Assistencia Tecnica e Extensao Rural, Brasilia, DF; _93797 |
|
| 110 | 1 |
_aEmpresa Brasileira de Pesquisa Agropecuaria, Brasilia, DF _93834 |
|
| 245 | 1 |
_aSistemas de producao para juta e malva. Amazonas [Corchorus capsularis; Malva sylvestris; Brasil] _bRevisao |
|
| 260 | 3 |
_aManaus, AM (Brasil): _bEmpresa de Assistencia Tecnica e Extensao Rural do Estado do Amazonas, _c1980. |
|
| 300 | _a25 p. | ||
| 490 |
_aSistemas de Producao. Boletim (Brazil) _vno. 195 _xISSN 0100-5359 |
||
| 650 | _aJuta | ||
| 650 | _aMalva | ||
| 650 | _aPratica cultural | ||
| 650 | _aAmazonas | ||
| 909 |
_a202312 _bLúcia Elande _c55 _dLúcia Elande |
||
| 942 |
_2AGRIS _n0 _cMS |
||
| 999 |
_c270732 _d270732 |
||